Statistics for Famous cars

Click here to take the quiz!

General Stats

  • This quiz has been taken 182 times
  • The average score is 14 of 23

Answer Stats

Hint Answer % Correct
ItalyFerrari
95%
GermanyBMW
92%
ItalyLamborghini
90%
USAFord
90%
GermanyMercedes
80%
GermanyAudi
77%
GermanyVolkswagen
75%
SwedenVolvo
74%
USAChevrolet
72%
UKAston Martin
63%
GermanyPorsche
62%
FrancePeugeot
59%
FranceRenault
58%
FranceCitroen
57%
FranceBugatti
56%
ItalyAlfa Romeo
55%
Czech republicSkoda
53%
UKJaguar
52%
ItalyMaserati
47%
GermanyOpel
38%
SwedenKoenigsegg
30%
UKLotus
25%
GermanyBrabus
8%

Score Distribution

Percentile by Number Answered

Percent of People with Each Score

Your Score History

You have not taken this quiz